[Event "Stuttgart-chB int"]
[Site "Gerlingen"]
[Date "2011.06.04"]
[Round "7"]
[White "Ostertag, Stephan"]
[Black "Duran, Suat"]
[Result "1-0"]
[WhiteElo "1835"]
[BlackElo "1687"]
[PlyCount "97"]
[EventDate "2011.06.02"]
[EventType "swiss"]
[EventRounds "7"]
[EventCountry "GER"]
[SourceTitle "EXT 2018"]
[Source "ChessBase"]
[SourceDate "2017.10.13"]
[SourceVersion "1"]
[SourceVersionDate "2017.10.13"]
[SourceQuality "1"]

1. e4 d5 2. exd5 Qxd5 3. Nc3 Qd8 4. d4 e6 5. Bc4 Nf6 6. Bg5 Be7 7. Nf3 c6 8. Qe2 Nd5 9. Ne4 Bxg5 10. Nexg5 h6 11. Nh3 Qd6 12. 0-0-0 b5 13. Bxd5 Qxd5 14. Kb1 a5 15. Nf4 Qd6 16. Nh5 0-0 17. Ne5 f5 18. g4 Nd7 19. Rhg1 Nf6 20. Nxf6+ Rxf6 21. g5 hxg5 22. Rxg5 Rh6 23. Qe3 Ra7 24. Qg3 Qd5 25. Rg1 Rh7 26. Nf3 Rb7 27. h4 Qd8 28. Rg6 Re7 29. Ng5 Qc7 30. Qxc7 Rxc7 31. Nxh7 Kxh7 32. h5 Rf7 33. f4 Bd7 34. c3 Re7 35. Kc2 Be8 36. R6g5 Kh6 37. Kd3 Bxh5 38. Re1 g6 39. Re5 Bg4 40. b3 Kg7 41. c4 bxc4+ 42. Kxc4 Kf6 43. Rxa5 Rh7 44. Ra8 Rh1 45. a4 Rf1 46. Rg8 Bh5 47. a5 Rxf4 48. Rxh5 gxh5 49. a6 1-0

[Event "Stuttgart-chB int"]
[Site "Gerlingen"]
[Date "2011.06.04"]
[Round "6"]
[White "Schreiber, Stephan"]
[Black "Ostertag, Stephan"]
[Result "1-0"]
[WhiteElo "1718"]
[BlackElo "1835"]
[PlyCount "93"]
[EventDate "2011.06.02"]
[EventType "swiss"]
[EventRounds "7"]
[EventCountry "GER"]
[SourceTitle "EXT 2018"]
[Source "ChessBase"]
[SourceDate "2017.10.13"]
[SourceVersion "1"]
[SourceVersionDate "2017.10.13"]
[SourceQuality "1"]

1. d4 Nf6 2. Bf4 c5 3. e3 cxd4 4. exd4 g6 5. c3 Bg7 6. Be2 0-0 7. Nf3 d6 8. h3 a6 9. Qc1 b5 10. a3 Nbd7 11. Bh6 Nb6 12. Bxg7 Kxg7 13. Nbd2 Bb7 14. 0-0 Rc8 15. Re1 Qc7 16. Bd3 Bd5 17. Ne4 Bxe4 18. Bxe4 Nc4 19. Bd3 Qb7 20. Rb1 Rc7 21. Qc2 a5 22. Re2 Rfc8 23. Nd2 Nxa3 24. bxa3 Rxc3 25. Rxb5 Qa7 26. Qb2 Rxd3 27. Rb7 Qxd4 28. Qxd4 Rxd4 29. Rbxe7 Rc2 30. Nf3 Rxe2 31. Rxe2 Rd3 32. Rd2 Rxd2 33. Nxd2 Nd7 34. Nc4 d5 35. Nxa5 Kf6 36. Kf1 Ke5 37. Ke2 Kd4 38. Kd2 Ne5 39. f4 Nc4+ 40. Nxc4 Kxc4 41. g4 Kb3 42. Kd3 Kxa3 43. Kd4 Kb4 44. Kxd5 Kc3 45. f5 gxf5 46. gxf5 h5 47. f6 1-0

[Event "Stuttgart-chB int"]
[Site "Gerlingen"]
[Date "2011.06.03"]
[Round "4"]
[White "Burkhardt, Adrian"]
[Black "Ostertag, Stephan"]
[Result "1/2-1/2"]
[WhiteElo "1714"]
[BlackElo "1835"]
[PlyCount "37"]
[EventDate "2011.06.02"]
[EventType "swiss"]
[EventRounds "7"]
[EventCountry "GER"]
[SourceTitle "EXT 2018"]
[Source "ChessBase"]
[SourceDate "2017.10.13"]
[SourceVersion "1"]
[SourceVersionDate "2017.10.13"]
[SourceQuality "1"]

1. e4 d6 2. d4 Nf6 3. Bd3 g6 4. c3 Bg7 5. Nf3 0-0 6. 0-0 Nc6 7. Re1 Bg4 8. Nbd2 e5 9. Qb3 Rb8 10. h3 Bxf3 11. Nxf3 Qd7 12. Bd2 a6 13. Rad1 b5 14. Qa3 Nh5 15. d5 Ne7 16. Qxa6 h6 17. b4 f5 18. Qa3 Kh7 19. Qb3 1/2-1/2

[Event "Rhein Main op 13th"]
[Site "Bad Homburg"]
[Date "2010.06.06"]
[Round "7"]
[White "Ostermeier, Thorsten"]
[Black "Ostertag, Stephan"]
[Result "1/2-1/2"]
[WhiteElo "1928"]
[BlackElo "1816"]
[PlyCount "120"]
[EventDate "2010.06.02"]
[EventType "swiss"]
[EventRounds "7"]
[EventCountry "GER"]
[SourceTitle "EXT 2011"]
[Source "ChessBase"]
[SourceDate "2010.11.26"]
[SourceVersion "1"]
[SourceVersionDate "2010.11.26"]
[SourceQuality "1"]

1. d4 d6 2. e4 Nf6 3. Nc3 g6 4. Nf3 Bg7 5. h3 0-0 6. Be2 c6 7. Be3 Qa5 8. 0-0 e5 9. dxe5 dxe5 10. a3 Qc7 11. Bc4 b6 12. Qe2 Bb7 13. Rfd1 Nbd7 14. b4 b5 15. Bb3 a6 16. Rd2 h6 17. Rad1 Rfd8 18. Ne1 Nf8 19. Bc5 Ne8 20. Qf3 Rxd2 21. Rxd2 Bc8 22. Qd1 Be6 23. Bxf8 Bxf8 24. Bxe6 fxe6 25. Rd7 Qc8 26. Nf3 Nf6 27. Rd3 Qc7 28. g4 g5 29. Qb1 c5 30. bxc5 Qxc5 31. Qb3 Qc4 32. Nxe5 Qxb3 33. cxb3 Bxa3 34. f3 Rc8 35. Ne2 Bb2 36. Nd7 Rd8 37. Nc5 Rxd3 38. Nxd3 Ba1 39. Nc5 Kf7 40. Nxa6 Nd7 41. Kf2 Be5 42. Nb4 Nc5 43. Nc6 Bd6 44. Ned4 Bc7 45. b4 Nd3+ 46. Kf1 Bd6 47. Nd8+ Ke7 48. N8xe6 Bxb4 49. Nc7 Bc5 50. Ncxb5 Nf4 51. Nf5+ Kf6 52. Nxh6 Nxh3 53. Nc3 Nf4 54. Nf5 Ke5 55. Nb5 Nd3 56. Nc3 Nf4 57. Ne2 Nd3 58. Kg2 Kf6 59. Nfg3 Ne1+ 60. Kf1 Nxf3 1/2-1/2

[Event "Rhein Main op 13th"]
[Site "Bad Homburg"]
[Date "2010.06.05"]
[Round "6"]
[White "Ostertag, Stephan"]
[Black "Willems, Matthias"]
[Result "0-1"]
[WhiteElo "1816"]
[BlackElo "2098"]
[PlyCount "116"]
[EventDate "2010.06.02"]
[EventType "swiss"]
[EventRounds "7"]
[EventCountry "GER"]
[SourceTitle "EXT 2011"]
[Source "ChessBase"]
[SourceDate "2010.11.26"]
[SourceVersion "1"]
[SourceVersionDate "2010.11.26"]
[SourceQuality "1"]

1. e4 d6 2. d4 Nf6 3. Nc3 Nbd7 4. f3 e5 5. Be3 c6 6. Qd2 Be7 7. Nge2 Nb6 8. b3 Qc7 9. g4 Nfd7 10. Ng3 exd4 11. Bxd4 Ne5 12. Be2 c5 13. Nb5 Qc6 14. Bxe5 dxe5 15. 0-0-0 c4 16. Nd6+ Bxd6 17. Qxd6 Qxd6 18. Rxd6 Ke7 19. Rhd1 cxb3 20. cxb3 Be6 21. Kb2 Rhd8 22. Rxd8 Rxd8 23. Rxd8 Kxd8 24. Kc3 Ke7 25. h4 g6 26. Bd3 Kd6 27. Nf1 h6 28. Ne3 Nd7 29. Bc4 Bxc4 30. Nxc4+ Ke6 31. Ne3 Nb8 32. Nc2 f5 33. Kd3 fxg4 34. fxg4 Nd7 35. b4 Nf6 36. Ne3 Kd7 37. g5 hxg5 38. hxg5 Nh7 39. Nc4 Ke6 40. Na5 b6 41. Nc6 a6 42. a4 Kd6 43. Nb8 a5 44. b5 Nxg5 45. Nc6 Ne6 46. Ke3 Nc5 47. Nd8 Nxa4 48. Nf7+ Ke6 49. Nd8+ Kf6 50. Nc6 Nc5 51. Kf3 Nd7 52. Kg4 Nc5 53. Kf3 Ne6 54. Nb8 Nd4+ 55. Kg4 Ke6 56. Kg5 Kd6 57. Kxg6 Nxb5 58. Kf5 Nc7 0-1

[Event "Rhein Main op 13th"]
[Site "Bad Homburg"]
[Date "2010.06.03"]
[Round "2"]
[White "Ostertag, Stephan"]
[Black "Miller, Justin"]
[Result "1-0"]
[WhiteElo "1816"]
[BlackElo "1732"]
[PlyCount "67"]
[EventDate "2010.06.02"]
[EventType "swiss"]
[EventRounds "7"]
[EventCountry "GER"]
[SourceTitle "EXT 2011"]
[Source "ChessBase"]
[SourceDate "2010.11.26"]
[SourceVersion "1"]
[SourceVersionDate "2010.11.26"]
[SourceQuality "1"]

1. e4 c6 2. d4 d5 3. e5 Bf5 4. Nf3 e6 5. c3 Nd7 6. Bd3 Bxd3 7. Qxd3 a6 8. h4 h5 9. Be3 c5 10. Nbd2 b5 11. 0-0 Nh6 12. Bg5 Qb6 13. Nh2 Nf5 14. Ndf3 Be7 15. Bxe7 Kxe7 16. Rfc1 Rac8 17. Nf1 Rcg8 18. Ne3 g6 19. Rd1 Qd8 20. a4 c4 21. Nxf5+ gxf5 22. Qd2 Rg4 23. axb5 axb5 24. Ra7 Qg8 25. Ng5 Rxh4 26. Nxf7 Rh7 27. Ng5 Rg7 28. f4 Rg4 29. Qc1 h4 30. Qa1 Rxf4 31. Qa3+ Kd8 32. Ra8+ Kc7 33. Rxg8 Rxg8 34. Nxe6+ 1-0

[Event "Reutlingen op 15th"]
[Site "Reutlingen"]
[Date "2010.05.21"]
[Round "1"]
[White "Ninov, Nikolai"]
[Black "Ostertag, Stephan"]
[Result "1-0"]
[WhiteElo "2524"]
[BlackElo "1806"]
[PlyCount "73"]
[EventDate "2010.05.21"]
[EventType "swiss"]
[EventRounds "7"]
[EventCountry "GER"]
[SourceTitle "CBM 136 Extra"]
[Source "ChessBase"]
[SourceDate "2010.07.02"]
[SourceVersion "2"]
[SourceVersionDate "2010.07.15"]
[SourceQuality "1"]

1. e4 d6 2. d4 Nf6 3. Nc3 g6 4. Be3 Bg7 5. h3 0-0 6. f4 c5 7. dxc5 Qa5 8. Bd3 dxc5 9. e5 Nd5 10. Bd2 Nxc3 11. Bxc3 Qc7 12. Qe2 Nc6 13. Nf3 b6 14. 0-0-0 a6 15. g4 b5 16. Be4 Rb8 17. Qe3 b4 18. Be1 Na5 19. Bf2 c4 20. Qa7 Bb7 21. Rhe1 b3 22. axb3 Nxb3+ 23. cxb3 cxb3+ 24. Kd2 Qa5+ 25. Ke3 Bxe4 26. Kxe4 Rb4+ 27. Rd4 Rd8 28. Red1 Qb5 29. Ke3 Rbxd4 30. Rxd4 Rc8 31. Qd7 Qc5 32. Be1 Qc1+ 33. Bd2 Qc5 34. Bc3 Rc7 35. Qe8+ Bf8 36. e6 fxe6 37. Ng5 1-0

[Event "Stuttgart-chB int"]
[Site "Ditzingen"]
[Date "2010.05.14"]
[Round "4"]
[White "Ostertag, Stephan"]
[Black "Holzner, Tony"]
[Result "1/2-1/2"]
[WhiteElo "1806"]
[BlackElo "1685"]
[PlyCount "33"]
[EventDate "2010.05.13"]
[EventType "swiss"]
[EventRounds "7"]
[EventCountry "GER"]
[SourceTitle "EXT 2018"]
[Source "ChessBase"]
[SourceDate "2017.10.13"]
[SourceVersion "1"]
[SourceVersionDate "2017.10.13"]
[SourceQuality "1"]

1. e4 e6 2. d4 d5 3. Nd2 Nf6 4. e5 Nfd7 5. f4 c5 6. c3 Nc6 7. Ndf3 Qb6 8. Ne2 Be7 9. g3 f6 10. Bh3 f5 11. 0-0 h5 12. Ng5 Nf8 13. a3 Bd7 14. Rb1 Ng6 15. Be3 Na5 16. Bf2 c4 17. Kh1 1/2-1/2

[Event "Rhein Main op 12th"]
[Site "Bad Homburg"]
[Date "2009.06.11"]
[Round "2"]
[White "Muheim, Xavier"]
[Black "Ostertag, Stephan"]
[Result "0-1"]
[WhiteElo "1380"]
[BlackElo "1795"]
[PlyCount "68"]
[EventDate "2009.06.10"]
[EventType "swiss"]
[EventRounds "7"]
[EventCountry "GER"]
[SourceTitle "CBM 131 Extra"]
[Source "ChessBase"]
[SourceDate "2009.09.03"]
[SourceVersion "2"]
[SourceVersionDate "2009.09.16"]
[SourceQuality "1"]

1. e4 d6 2. d4 Nf6 3. Nc3 g6 4. b3 Bg7 5. Bb2 0-0 6. Nf3 c5 7. d5 Nxe4 8. Nxe4 Bxb2 9. Rb1 Qa5+ 10. Ned2 Qxa2 11. Bd3 Bc3 12. 0-0 Qa5 13. b4 cxb4 14. Nc4 Qxd5 15. Ne3 Qc5 16. Nd2 Bxd2 17. Qxd2 Nc6 18. f4 a5 19. f5 Ne5 20. Be2 Bxf5 21. Kh1 Be6 22. g4 Rac8 23. Rg1 Bd7 24. g5 Bc6+ 25. Ng2 Bxg2+ 26. Rxg2 Qxc2 27. Qxc2 Rxc2 28. Rb3 Rc1+ 29. Rg1 Rfc8 30. Rbg3 Rxg1+ 31. Rxg1 Rc3 32. Rf1 b3 33. Ra1 b2 34. Rb1 Rc1+ 0-1

[Event "Stuttgart-chB int"]
[Site "Ditzingen"]
[Date "2009.05.23"]
[Round "6"]
[White "Ostertag, Stephan"]
[Black "Zimmermann, Tobias"]
[Result "0-1"]
[WhiteElo "1795"]
[BlackElo "1729"]
[PlyCount "70"]
[EventDate "2009.05.21"]
[EventType "swiss"]
[EventRounds "7"]
[EventCountry "GER"]
[SourceTitle "EXT 2018"]
[Source "ChessBase"]
[SourceDate "2017.10.13"]
[SourceVersion "1"]
[SourceVersionDate "2017.10.13"]
[SourceQuality "1"]

1. c4 c5 2. Nc3 b6 3. g3 Bb7 4. Nf3 Nf6 5. Bg2 e6 6. d3 a6 7. e4 d6 8. 0-0 Qc7 9. Re1 Nbd7 10. Qe2 Be7 11. b3 0-0 12. Bb2 Rad8 13. d4 cxd4 14. Nxd4 Rfe8 15. Rad1 Ne5 16. f4 Ng6 17. Nf3 Nd7 18. Kh1 Bf6 19. Qc2 b5 20. cxb5 axb5 21. Qd3 b4 22. Nb5 Qb6 23. Bxf6 Nxf6 24. Nxd6 Nxe4 25. Rxe4 Bxe4 26. Qxe4 Rxd6 27. Rxd6 Qxd6 28. Qc2 Rd8 29. Ng1 Ne7 30. Qc4 Nf5 31. Qe2 Qd2 32. Qe4 Ne3 33. Bf3 Nd1 34. Bxd1 Qxd1 35. Qxb4 Qd5+ 0-1

[Event "Stuttgart-chB int"]
[Site "Ditzingen"]
[Date "2009.05.21"]
[Round "1"]
[White "Holschke, Christian"]
[Black "Ostertag, Stephan"]
[Result "0-1"]
[WhiteElo "1553"]
[BlackElo "1795"]
[PlyCount "40"]
[EventDate "2009.05.21"]
[EventType "swiss"]
[EventRounds "7"]
[EventCountry "GER"]
[SourceTitle "EXT 2018"]
[Source "ChessBase"]
[SourceDate "2017.10.13"]
[SourceVersion "1"]
[SourceVersionDate "2017.10.13"]
[SourceQuality "1"]

1. e4 d6 2. d4 Nf6 3. Nd2 g6 4. Ngf3 Bg7 5. c3 0-0 6. Be2 b6 7. Qc2 Bb7 8. d5 c5 9. h3 Na6 10. Nc4 Nc7 11. Ne3 b5 12. Ng4 Rc8 13. Nxf6+ exf6 14. Bf4 Re8 15. Nd2 f5 16. f3 Qe7 17. c4 b4 18. Kf2 Qf6 19. exf5 Qd4+ 20. Kg3 Rxe2 0-1

[Event "Stuttgart-chB int"]
[Site "Gerlingen"]
[Date "2007.05.19"]
[Round "6"]
[White "Ostertag, Stephan"]
[Black "Adler, Alexander"]
[Result "1-0"]
[WhiteElo "1537"]
[BlackElo "1367"]
[PlyCount "45"]
[EventDate "2007.05.17"]
[EventType "swiss"]
[EventRounds "7"]
[EventCountry "GER"]
[SourceTitle "EXT 2018"]
[Source "ChessBase"]
[SourceDate "2017.10.13"]
[SourceVersion "1"]
[SourceVersionDate "2017.10.13"]
[SourceQuality "1"]

1. e4 d5 2. exd5 Qxd5 3. Nc3 Qa5 4. Bc4 Bf5 5. d4 c6 6. Nf3 Nd7 7. 0-0 e6 8. Re1 0-0-0 9. Qe2 Ngf6 10. a3 Nb6 11. Ba2 Nbd5 12. Nxd5 Nxd5 13. c4 Nf6 14. Bf4 Bd6 15. Bd2 Qc7 16. d5 exd5 17. cxd5 Rhe8 18. Be3 c5 19. Rac1 Kb8 20. b4 Rc8 21. bxc5 Bxc5 22. Qb5 Qb6 23. Rxc5 1-0

[Event "Stuttgart-chB int"]
[Site "Gerlingen"]
[Date "2007.05.18"]
[Round "4"]
[White "Ostertag, Stephan"]
[Black "Wolff, Cascal"]
[Result "1/2-1/2"]
[WhiteElo "1537"]
[BlackElo "1157"]
[PlyCount "44"]
[EventDate "2007.05.17"]
[EventType "swiss"]
[EventRounds "7"]
[EventCountry "GER"]
[SourceTitle "EXT 2018"]
[Source "ChessBase"]
[SourceDate "2017.10.13"]
[SourceVersion "1"]
[SourceVersionDate "2017.10.13"]
[SourceQuality "1"]

1. e4 c5 2. Nf3 Nc6 3. d4 cxd4 4. Nxd4 d6 5. Nc3 g6 6. Be3 Bg7 7. Qd2 Nf6 8. f3 Bd7 9. 0-0-0 0-0 10. Bh6 Nxd4 11. Bxg7 Nb3+ 12. axb3 Kxg7 13. Bd3 a5 14. h4 a4 15. bxa4 Bxa4 16. g4 h5 17. gxh5 Nxh5 18. Rhg1 Bd7 19. f4 Be6 20. f5 Ra1+ 21. Nb1 Ba2 22. Qc3+ Kh6 1/2-1/2

[Event "Stuttgart-chB int"]
[Site "Ditzingen"]
[Date "2006.05.27"]
[Round "6"]
[White "Schembera, Joerg"]
[Black "Ostertag, Stephan"]
[Result "1/2-1/2"]
[WhiteElo "1688"]
[BlackElo "1497"]
[PlyCount "54"]
[EventDate "2006.05.25"]
[EventType "swiss"]
[EventRounds "7"]
[EventCountry "GER"]
[SourceTitle "EXT 2018"]
[Source "ChessBase"]
[SourceDate "2017.10.13"]
[SourceVersion "1"]
[SourceVersionDate "2017.10.13"]
[SourceQuality "1"]

1. d4 e6 2. c4 Be7 3. Nc3 Nf6 4. Nf3 0-0 5. Bg5 d5 6. e3 Nbd7 7. c5 c6 8. Bd3 Ng4 9. Bxe7 Qxe7 10. Qc2 Ngf6 11. 0-0 e5 12. dxe5 Nxe5 13. Nxe5 Qxe5 14. Rfe1 Qg5 15. Re2 Bg4 16. f4 Qh6 17. Rf2 Rfe8 18. Re1 Re7 19. e4 Bf5 20. g3 dxe4 21. Nxe4 Nxe4 22. Bxe4 Qh5 23. Rfe2 Rae8 24. Kf1 Qh3+ 25. Kg1 Qh5 26. Kf1 Qh3+ 27. Kg1 Qh5 1/2-1/2

[Event "Wuerzburg op Seniors 15th"]
[Site "Wuerzburg"]
[Date "2005.09.02"]
[Round "8"]
[White "Ostertag, Stephan"]
[Black "Lange, Manfred"]
[Result "0-1"]
[WhiteElo "1534"]
[BlackElo "1945"]
[PlyCount "118"]
[EventDate "2005.08.27"]
[EventType "swiss"]
[EventRounds "9"]
[EventCountry "GER"]
[SourceTitle "EXT 2007"]
[Source "ChessBase"]
[SourceDate "2006.11.23"]
[SourceVersion "1"]
[SourceVersionDate "2006.11.23"]
[SourceQuality "1"]

1. e4 e5 2. Nc3 Bc5 3. Nf3 d6 4. Bc4 Nc6 5. d3 Nf6 6. Bg5 h6 7. Bh4 g5 8. Bg3 Bd7 9. Qd2 a6 10. h3 Qe7 11. 0-0-0 Bb4 12. Rhe1 0-0-0 13. a3 Bc5 14. Qe2 g4 15. Bh4 Be6 16. Bd5 Rdg8 17. Nh2 Nd4 18. Qd2 gxh3 19. gxh3 c6 20. Bxe6+ Qxe6 21. Bxf6 Qxf6 22. Ng4 Qh4 23. Re3 h5 24. Nh2 Rg2 25. Nf3 Qxf2 26. Qxf2 Rxf2 27. Nxd4 exd4 28. Re2 dxc3 29. Rxf2 cxb2+ 30. Kxb2 Bxf2 31. Rf1 Bg3 32. Rxf7 h4 33. Kb3 Rh5 34. d4 Rb5+ 35. Ka4 Rb1 36. c3 Be1 37. Rf3 Kc7 38. Ka5 Rb5+ 39. Ka4 Kb6 40. Rf6 Bxc3 41. Rxd6 Kc7 42. Rh6 Rb1 43. Rh7+ Kd8 44. Rh8+ Ke7 45. Rh7+ Kf8 46. Rxb7 Rxb7 47. d5 cxd5 48. exd5 Rd7 49. Kb3 Be5 50. Kc4 Ke7 51. Kc5 Bd6+ 52. Kb6 Bxa3 53. Kxa6 Rxd5 54. Kb7 Rc5 55. Ka6 Kd6 56. Kb6 Bb4 57. Kb7 Rb5+ 58. Ka8 Kc7 59. Ka7 Ra5# 0-1